Loading...
| Painting/Sculpture | 0 | 8 | 0 | 1 | 80 | 37 | 73.38 | 1 | 6 |
| Fine Arts - Classical Music | 0 | 7 | 2 | 0 | 60 | 35 | 51.00 | 2 | 6 |
| Science - Physics | 0 | 6 | 0 | 0 | 60 | 34 | 74.33 | 0 | 2 |
| History - European History | 0 | 6 | 1 | 0 | 55 | 11 | 48.00 | 1 | 4 |
| History - World History | 0 | 5 | 0 | 1 | 50 | 46 | 68.20 | 0 | 3 |
| History - American History | 0 | 4 | 0 | 1 | 40 | 49 | 71.25 | 0 | 3 |
| Religion | 0 | 4 | 1 | 2 | 35 | 85 | 100.50 | 0 | 2 |
| Philosophy | 0 | 3 | 0 | 1 | 30 | 63 | 80.00 | 0 | 2 |
| Social Science | 0 | 3 | 1 | 1 | 25 | 30 | 56.67 | 0 | 3 |
| Mythology | 0 | 3 | 1 | 0 | 25 | 43 | 54.33 | 1 | 1 |
| Fine Arts - Other Fine Arts | 0 | 3 | 2 | 1 | 20 | 39 | 71.67 | 2 | 2 |
| Science - Biology | 0 | 3 | 2 | 0 | 20 | 73 | 79.00 | 0 | 1 |
| Literature - World Literature | 0 | 2 | 1 | 0 | 15 | 69 | 69.00 | 0 | 1 |
| Literature - European Literature | 0 | 2 | 1 | 0 | 15 | 87 | 95.50 | 0 | 1 |
| Literature - American Literature | 0 | 2 | 1 | 1 | 15 | 73 | 100.00 | 0 | 0 |
| Science - Chemistry | 0 | 1 | 0 | 0 | 10 | 88 | 88.00 | 0 | 1 |
| Pop Culture | 0 | 1 | 0 | 0 | 10 | 49 | 49.00 | 0 | 1 |
| Literature - British Literature | 0 | 1 | 1 | 0 | 5 | 101 | 101.00 | 0 | 1 |
| Science - Other Science | 0 | 0 | 1 | 0 | -5 | 0.00 | 0 | 0 | |
| History - Other History | 0 | 1 | 3 | 0 | -5 | 38 | 38.00 | 1 | 1 |